00543nam a22001697a 4500003000400000008004100004082001600045100001800061245014800079260006900227300001000296502001700306650001700323650001100340650001100351650001100362OSt260502b |||||||| |||| 00| 0 eng d a634.6bK98E aKumar, Rajan. aEffect of Pre and Post Harvest Applications of Certain Chemicals on Shelf Life of Litchi (Litchi Chinensis Sonn.) var. China / cby Rajan Kumar a.- Sabour, Bhagalpurb: Bihar Agricultural College, RAU c, 2005 a105p. bPh. D.d2005 aHorticulture aLitchi aThesis aPh. D.